|
|
|
|
| LEADER |
00000nab a2200000 a 4500 |
| 001 |
vtls000619846 |
| 003 |
SK-MaSNL |
| 005 |
20260303172101.0 |
| 008 |
141112c1996 xo 0 cze |
| 015 |
|
|
|a SNBRB19rr/mm-uuuuu
|
| 035 |
|
|
|a CL0619985
|
| 040 |
|
|
|a SNKBUCL
|b slo
|c SNKBUCL
|e AACR2
|
| 041 |
0 |
|
|a cze
|
| 044 |
|
|
|a xo
|c SK
|
| 080 |
|
|
|a 616.341-006.441
|2 1981
|
| 100 |
1 |
|
|a Stunka, P.
|4 aut
|9 1197158
|
| 245 |
1 |
0 |
|a Maligní lymfom tenkého střeva u 77 leté pacientky
|c P. Stunka, J. Stříteský, M. Horák
|
| 650 |
0 |
7 |
|a črevo tenké
|2 snkbucl
|9 891415
|
| 650 |
0 |
7 |
|a malígne lymfómy
|2 snkbucl
|9 1197157
|
| 655 |
|
7 |
|a články z novín a časopisov
|2 snkbucl
|9 267496
|
| 700 |
1 |
|
|a Stříteský, Jan K.,
|d 1898-1973
|4 aut
|9 92358
|
| 700 |
1 |
|
|a Horák, M.
|4 aut
|9 801239
|
| 773 |
0 |
|
|t Česká a slovenská gastroenterologie
|g Roč. 50, č. 6 (1996), s. 199
|x 1210-7824
|
| 850 |
|
|
|a Slovenská národná knižnica v Martine
|a MTA001
|
| 852 |
|
|
|a SNK
|b KIS3GCP
|
| 958 |
|
|
|a NX
|
| 958 |
|
|
|a ME
|
| 958 |
|
|
|a RK
|
| 999 |
|
|
|c 2084809
|d 2086739
|